000 00628cam a22002293a 4500
001 19985
003 PGUSA
005 20140828083425.0
008 061201s2006||||xxu|||||s|||||000 | eng d
040 _aPGUSA
_beng
042 _adc
050 4 _aTP
100 1 _aBeech, Franklin
245 1 4 _aThe Dyeing of Woollen Fabrics
_h[electronic resource] /
_cFranklin Beech
260 _bProject Gutenberg,
_c2006
506 _aPublic domain in the USA.
516 _aElectronic text
653 _aDyes and dyeing -- Wool
830 0 _aProject Gutenberg
_v19985
856 4 0 _uhttp://www.gutenberg.org/ebooks/19985
942 _cEB
999 _c249240
_d249240